[Event "ITA-ch U20"]
[Site "Tarvisio"]
[Date "2023.07.04"]
[Round "3"]
[White "Bergamaschi, Elia"]
[Black "Bera, Pietro"]
[Result "1-0"]
[WhiteElo "1943"]
[BlackElo "1540"]
[PlyCount "74"]
[EventDate "2023.07.02"]
[EventType "swiss"]
[EventRounds "9"]
[EventCountry "ITA"]
[SourceTitle "EXT 2024"]
[Source "ChessBase"]
[SourceDate "2023.10.10"]
[SourceVersion "1"]
[SourceVersionDate "2023.10.10"]
[SourceQuality "1"]

1. e4 c5 2. Nf3 d6 3. d4 cxd4 4. Qxd4 Nc6 5. Qe3 Nf6 6. Be2 g6 7. 0-0 Bg7 8. h3 0-0 9. Rd1 Qc7 10. Nc3 a6 11. Qf4 Bd7 12. a3 Rac8 13. Nd5 Nxd5 14. exd5 Ne5 15. c3 b5 16. Nxe5 Bxe5 17. Qh4 Bf6 18. Bg5 Bxg5 19. Qxg5 e5 20. Qf6 Bf5 21. Rd2 Qd8 22. Qxd8 Rfxd8 23. a4 Rc5 24. axb5 axb5 25. Ra5 Rb8 26. Ra6 Kf8 27. Rxd6 Ke7 28. Ra6 Rd8 29. d6+ Ke6 30. Rb6 b4 31. Rxb4 Rxd6 32. Bc4+ Rxc4 33. Rxd6+ Kxd6 34. Rxc4 Be6 35. Ra4 Kc6 36. Ra6+ Kc5 37. Rxe6 Kd5 1-0

[Event "ITA-ch U20"]
[Site "Tarvisio"]
[Date "2023.07.02"]
[Round "1"]
[White "Bergamaschi, Elia"]
[Black "Rosellini, Alessandro"]
[Result "1-0"]
[WhiteElo "1943"]
[BlackElo "1385"]
[PlyCount "45"]
[EventDate "2023.07.02"]
[EventType "swiss"]
[EventRounds "9"]
[EventCountry "ITA"]
[SourceTitle "EXT 2024"]
[Source "ChessBase"]
[SourceDate "2023.10.10"]
[SourceVersion "1"]
[SourceVersionDate "2023.10.10"]
[SourceQuality "1"]

1. d4 d5 2. Nf3 Nf6 3. c3 c5 4. dxc5 e6 5. b4 a5 6. Be3 b6 7. cxb6 axb4 8. Qb3 Nc6 9. Nbd2 Ra3 10. Qd1 bxc3 11. Nb1 Bb4 12. Qc2 d4 13. Nxa3 dxe3 14. Nc4 exf2+ 15. Kxf2 Ba6 16. Rd1 Qb8 17. Qa4 Ng4+ 18. Kg1 Bc5+ 19. e3 Qxb6 20. g3 Bxe3+ 21. Kg2 Bxc4 22. Qxc4 Bd2 23. Qxg4 1-0

[Event "Dueville op-A 1st"]
[Site "Dueville"]
[Date "2023.06.04"]
[Round "5"]
[White "Sforza, Michelangelo"]
[Black "Bergamaschi, Elia"]
[Result "1/2-1/2"]
[WhiteElo "1888"]
[BlackElo "1937"]
[PlyCount "43"]
[EventDate "2023.06.01"]
[EventType "swiss"]
[EventRounds "5"]
[EventCountry "ITA"]
[SourceTitle "EXT 2024"]
[Source "ChessBase"]
[SourceDate "2023.10.10"]
[SourceVersion "1"]
[SourceVersionDate "2023.10.10"]
[SourceQuality "1"]

1. e4 c5 2. d4 cxd4 3. c3 dxc3 4. Nxc3 Nc6 5. Nf3 d6 6. Bc4 a6 7. 0-0 Nf6 8. b4 Bg4 9. Qb3 e6 10. Be3 Be7 11. Rfd1 Qc7 12. Be2 0-0 13. Rac1 d5 14. Nxd5 exd5 15. exd5 Nxd5 16. Qxd5 Rad8 17. Qb3 Rxd1+ 18. Bxd1 Be6 19. Qb1 Rd8 20. Nd4 Bd5 21. Nxc6 bxc6 22. Bc2 1/2-1/2

[Event "ITA-ch sf 81st"]
[Site "Acqui Terme"]
[Date "2022.06.17"]
[Round "7"]
[White "Bergamaschi, Elia"]
[Black "Sala, Giulia"]
[Result "0-1"]
[WhiteElo "1842"]
[BlackElo "1863"]
[PlyCount "34"]
[EventDate "2022.06.12"]
[EventType "swiss"]
[EventRounds "9"]
[EventCountry "ITA"]
[SourceTitle "CBM 208 Extra"]
[Source "ChessBase"]
[SourceDate "2022.07.31"]
[SourceVersion "1"]
[SourceVersionDate "2022.07.31"]
[SourceQuality "1"]

1. e4 e5 2. f4 exf4 3. Qf3 Qh4+ 4. g3 fxg3 5. hxg3 Qf6 6. Qg2 Nc6 7. Nf3 d6 8. c3 Ne5 9. Nxe5 dxe5 10. Bc4 Be6 11. Rf1 Qg6 12. Bb3 0-0-0 13. Qf3 Bc5 14. Bc2 Nf6 15. d3 Nh5 16. b4 Bb6 17. c4 Bd4 0-1

[Event "ITA-ch sf 81st"]
[Site "Acqui Terme"]
[Date "2022.06.13"]
[Round "2"]
[White "Cina`, Vittorio"]
[Black "Bergamaschi, Elia"]
[Result "1/2-1/2"]
[WhiteElo "2034"]
[BlackElo "1842"]
[PlyCount "87"]
[EventDate "2022.06.12"]
[EventType "swiss"]
[EventRounds "9"]
[EventCountry "ITA"]
[SourceTitle "CBM 208 Extra"]
[Source "ChessBase"]
[SourceDate "2022.07.31"]
[SourceVersion "1"]
[SourceVersionDate "2022.07.31"]
[SourceQuality "1"]

1. c4 e5 2. Nf3 Nc6 3. d4 exd4 4. Nxd4 Nxd4 5. Qxd4 Nf6 6. Nc3 Be7 7. g3 0-0 8. Bg2 c6 9. 0-0 b6 10. e4 Re8 11. Bf4 Bc5 12. Qd3 Ng4 13. Rad1 Qf6 14. Rd2 Ne5 15. Bxe5 Qxe5 16. Kh1 Qc7 17. f4 d6 18. a3 a5 19. Na4 Ba6 20. Nxc5 dxc5 21. Rfd1 Rab8 22. e5 g6 23. h4 a4 24. Qc2 b5 25. Rd7 Qb6 26. cxb5 Qxb5 27. Bf1 c4 28. Qe4 Qxb2 29. Bxc4 Bxc4 30. Qxc4 Rf8 31. e6 Qxa3 32. exf7+ Kg7 33. Qd4+ Kh6 34. Rg1 Rb2 35. Rg2 Qa1+ 36. Kh2 Rxg2+ 37. Kxg2 Qxd4 38. Rxd4 a3 39. Ra4 Rxf7 40. Rxa3 Kg7 41. Rc3 Rc7 42. Kf3 Kf6 43. g4 c5 44. Ke4 1/2-1/2